000 00269nam a22001217a 4500
008 140107t xxu||||| |||| 00| 0 eng d
020 _a969-35-0904-8
100 _aBano Qudsiya
_9542
245 _aChaar chaman
246 _achar chaman
300 _a250
942 _2ddc
_cBK
999 _c16813
_d16813